[Event "RUS-ch 53rd"]
[Site "Samara"]
[Date "2000.06.26"]
[Round "10"]
[White "Fominyh, Alexander"]
[Black "Kharlov, Andrei"]
[Result "1/2-1/2"]
[WhiteElo "2550"]
[BlackElo "2615"]
[Annotator "Tsesarsky,I"]
[PlyCount "81"]
[EventDate "2000.06.03"]
[EventType "swiss"]
[EventRounds "11"]
[EventCountry "RUS"]
[SourceTitle "CBM 078"]
[Source "ChessBase"]
[SourceDate "2000.10.18"]
[SourceVersion "1"]
[SourceVersionDate "2000.10.18"]
[SourceQuality "1"]

1. c4 c6 2. Nf3 d5 3. d4 e6 4. Qc2 dxc4 5. Qxc4 Nf6 6. Bg5 b5 {Another
continuations here are} (6... Be7 {See comments to the games  1/2-1/2 Ivanchuk,
V-Anand,V/Supertorneo Las Palmas 1996 (29) (Tsesarsky) and   1-0 Kramnik,
Vladimir-Lautier,Joel/Tilburg Fontys (3) ;EXT 99 1998 (24) (Tsesarsky,Ftacnik)}
) (6... h6 {Krasenkow,M-Volkov,S/Polish TV KO, Swidnica POL 1997/1-0 (49) 
Also see comments to the games Ibragimov,Ildar-Filippov,Valerij/RUS-ch Elista 
(8) ;CBM 56 1996/1-0 (68) (Tsesarsky, Belov, Hecht )   and 1/2-1/2 Psakhis,
L-Pavasovic,D/zt 1.2 Pula CRO 2000 (Psakhis)}) (6... Qb6 {-see comments to the
game  1-0 Sakaev,K-Tregubov,P/ch-RUS, St Petersburg RUS 1998 (28) (Tsesarsky)})
7. Qc2 Bb7 8. e3 (8. Bxf6 {-See comments to the game  0-1 Ivanov,
Sergey-Kharlov,Andrei/Russian Club Cup (3) ;CBM 66 1998 (35) (Tsesarsky)}) ({
Interesting and more agressive is Can be recommended} 8. e4 $1 a6 $5 {More
precisely} (8... Nbd7 $6 9. Bd3 (9. Nbd2 h6 10. Bxf6 $1 (10. Bh4 Qb6 11. O-O-O
(11. Qb3 $6 g5 12. Bg3 g4 13. Ne5 Qxd4 14. Nxd7 Nxd7 15. O-O-O Qb4 16. Qc2 Qc5
$15 {Sharavdorj,Dashzeveg-Dao Thien Hai/Asia-chT Shenyang (4) ;EXT 2000 1999/
0-1 (47)}) 11... c5 $132) 10... Qxf6 11. e5 Qd8 12. Bd3 Qb6 13. a4 a6 14. O-O
Be7 15. Be4 O-O 16. Nb3 $14 {Grooten,H-Van der Werf,M/ch-NED (qualifier KO)
2000/1-0 (63)}) 9... a6 10. a4 h6 11. Bxf6 $1 (11. Bh4 Rc8 12. Nbd2 Qb6 13. O-O
c5 14. Bxf6 (14. a5 $6 Qd8 {[%csl Ga6,Gb5]} 15. e5 g5 $132 {[%csl Re7] Ulibin,
Mikhail-Galkin,Alexander/Oberwart op (9) ;EXT 2000 1999/1-0 (43)}) 14... Nxf6
15. axb5 axb5 16. Qb3 $14 {[%csl Rb5]}) 11... Qxf6 12. e5 Qd8 13. Be4 Qb6 14.
O-O $14) 9. Nbd2 $14 {is more flexible - with the same ideas, like in previous
variation (8...Nbd7)} (9. Nc3 Nbd7 10. e5 (10. O-O-O $5 $132) 10... h6 11. Bd2
b4 12. exf6 (12. Na4 Nd5 13. Rc1 Rc8 $132 {[%cal Gc6c5]}) 12... bxc3 13. bxc3
Nxf6 14. Rb1 Rb8 15. Ne5 Bd6 16. Be2 {1/2-1/2 Ionov,Sergey-Solovjov,Sergey/
Chigorin mem (4) ;CBM 67 ext 1998})) 8... Nbd7 9. Nbd2 (9. Bd3 $1 {-Can be
recommended-see comments to the game  0-1 Gelfand,B-Krasenkow,M/Leonid Stein
Mem 2000 (37) (Tsesarsky)}) 9... a6 (9... Qb6 $5 {-See comments to the game 
1-0 Ibragimov,Ildar-Lugo,Blas/New York op (3) ;CBM 64 1998 (20) (Tsesarsky)})
10. a4 {This move put pressure on b5 and prevent temporary c6-c5 promotion.}
Qb6 11. Be2 Bb4 ({Premature seems} 11... c5 12. O-O $1 (12. axb5 $143 $6 axb5
13. Rxa8+ Bxa8 14. O-O Be7 15. dxc5 Bxc5 $11 {Here} 16. b4 {is not dangerous:}
Bxb4 17. Bxf6 Nxf6 18. Rb1 (18. Qc8+ Qd8 19. Bxb5+ Ke7 $11) 18... Qc5 19. Bxb5+
Ke7 $11 {[%cal Gh8b8]}) 12... Rc8 13. axb5 axb5 14. Bxf6 Nxf6 15. Qb3 Bxf3 (
15... Bc6 16. Ne5 $16) 16. Nxf3 (16. dxc5 Bxc5 17. Nxf3 O-O $11) 16... c4 17.
Qa2 Be7 18. b3 cxb3 19. Qxb3 b4 20. Ra6 $16 {[%cal Gb3a4]}) 12. O-O (12. axb5
cxb5 13. O-O O-O $132) 12... O-O 13. Nb3 (13. Rfc1 {White can't prevent c6-c5..
.} Rfc8 (13... c5 $1 {This move is always in Black's plan, timing is important.
} 14. Bxf6 gxf6 15. Ne4 (15. axb5 axb5 16. Ne4 (16. Rxa8 Rxa8 17. Ne4 c4 $132)
16... Rxa1 17. Rxa1 f5 18. Nxc5 Nxc5 19. dxc5 Bxc5 $11) 15... cxd4 16. Nxd4
Rfc8 $11) 14. Nb3 c5 $1 $132) 13... Rac8 14. Bxf6 $1 (14. Rfc1 $2 {met by} c5
$1 15. dxc5 Bxc5 16. Bxf6 (16. axb5 axb5 17. Bxf6 Bxe3 18. Bc3 Bxf2+ 19. Kf1 b4
$17) (16. Nxc5 Rxc5 {[%csl Rc2,Rg5][%cal Gb7f3]} 17. Qd2 Bxf3 18. Bxf6 Bxe2 19.
Be7 Bc4 $17) 16... Bxe3 $1 17. Bc3 Bxf2+ 18. Kf1 b4 $17) 14... gxf6 15. a5 Qa7
16. Qe4 {It is impossible to prevent} c5 $1 17. Qg4+ Kh8 18. dxc5 Bxc5 19. Rfd1
({Very little advantage White can recieve after} 19. Nxc5 $5 Qxc5 (19... Nxc5
20. Qd4 {[%csl Rc5,Rf6][%cal Gb2b4]} e5 21. Qh4 Kg7 22. b4 $14) 20. Rfd1 Rfd8
21. b4 Qe7 22. Qh4 Bxf3 23. Bxf3 Ne5 24. Be2 Rxd1+ 25. Rxd1 $14) 19... Bxf3 20.
Bxf3 Ne5 21. Qe4 Be7 $1 (21... Nxf3+ 22. Qxf3 Be7 23. Nd4 {[%cal Gd4c6]} Qc7
24. Rd2 $14 {[%cal Gd2c2]}) 22. Nd4 Rc7 23. Be2 Qa8 24. Qxa8 $6 {Now position
become to be absolutely equal.} (24. Qf4 {Interesting was   avoiding QQ change}
Rg8 25. g3 $14 {[%csl Rf6,Rf7]}) 24... Rxa8 25. b3 {[%csl Gc4]} (25. Rac1 Rac8
26. Rxc7 Rxc7 27. b3 $11 (27. f4 Nc4 28. Rc1 Bb4 {[%csl Ra5,Rc1,Re3][%cal
Gb4d2]} 29. Nb3 Rc6 30. Kf2 Nxa5 $15)) 25... f5 26. Rdc1 Rxc1+ ({Why not} 26...
Rac8 27. Rxc7 Rxc7 28. Bxb5 $5 axb5 29. a6 Rc8 30. a7 (30. Nxb5 Ra8 31. Nc7 (
31. a7 {-see next variation}) 31... Ra7 32. Nb5 Ra8 33. Nc7 $11) 30... Ra8 31.
Nxb5 Bd8 32. Ra6 Kg7 $44) 27. Rxc1 Bb4 {[%csl Ra5]} 28. Rc2 Bxa5 29. Ra2 Bb6
30. Nxb5 Kg7 (30... a5 $11) 31. g3 a5 32. Kg2 Rc8 33. h3 Kf6 34. Rd2 Ke7 35.
Bd1 Rc1 36. g4 fxg4 37. hxg4 Bc5 38. Be2 Bb4 39. Rd1 Rxd1 40. Bxd1 h6 41. Be2 {
The last 10 moves were really redundant.} 1/2-1/2

[Event "Hasselbacken"]
[Site "Stockholm"]
[Date "2001.07.29"]
[Round "2"]
[White "Cramling, Pia"]
[Black "Grabarczyk, Miroslaw"]
[Result "0-1"]
[WhiteElo "2510"]
[BlackElo "2499"]
[Annotator "Tsesarsky,I"]
[PlyCount "58"]
[EventDate "2001.07.28"]
[EventType "tourn"]
[EventRounds "9"]
[EventCountry "SWE"]
[EventCategory "9"]
[SourceTitle "CBM 085"]
[Source "ChessBase"]
[SourceDate "2001.11.13"]
[SourceVersion "1"]
[SourceVersionDate "2001.11.13"]
[SourceQuality "1"]

1. d4 d5 2. Nf3 Nf6 3. c4 c6 4. e3 e6 5. Nbd2 c5 6. b3 Nc6 (6... Nbd7 7. Bb2 b6
{-see detailed commented game 1-0 Sherbakov,R-Beshukov,S/Krasnodar 1997/EXT
2000[Tsesarsky,I] (48)}) (6... cxd4 7. exd4 Be7 8. Bb2 b6 {-see commented game
1-0 Chiburdanidze,M-Beshukov,S/Perm 1997/CBM 58[Tsesarsky,I] (22)}) 7. Bb2 Be7
$6 $14 {-In my opinion, inaccuracy! It wasn't any reason to lose tempo for c5
recapture.} (7... cxd4 $1 {-can be recommended.} 8. Nxd4 Bd6 {-see commented
game 1/2-1/2 Brenke,A-Mueller,K/Lippstadt 1999/CBM 72 [Tsesarsky,I](33)} (8...
Nxd4 9. Bxd4 dxc4 10. Bxc4 Be7 11. O-O O-O $11 {1-0 Savon,V-Popov,R/Krasnodar
1996/EXT 2000 (33)})) (7... Bd6 8. Bd3 (8. Rc1 cxd4 9. exd4 Qe7 10. Ne5 $132 {
1/2-1/2 Kan,I-Levenfish,G/Moscow 1935/HCL (39)}) 8... O-O 9. O-O cxd4 $11 (9...
Qe7 $2 10. dxc5 Bxc5 11. Bxf6 Qxf6 12. cxd5 exd5 13. Bxh7+ $16 {1-0 Beilin,
M-Khasin,A/Moscow 1949/MCD (65)})) 8. dxc5 $1 {Exactly!} ({Not so effective} 8.
Bd3 O-O 9. O-O b6 10. Qe2 Bb7 (10... cxd4 $1 $132) 11. Rfd1 Qc7 $6 $14 (11...
cxd4 $1 $132) 12. Rac1 Rad8 $6 (12... Nb4 13. Bb1 Ba6 14. e4 $14) 13. dxc5 bxc5
14. Bxf6 Bxf6 15. cxd5 exd5 16. Rxc5 $16 {1-0 Smyslov,V-Shabalov,A/Tilburg
1993/CBM 39 (77)}) 8... Bxc5 9. a3 O-O (9... a5 10. Bd3 O-O 11. O-O b6 12. Qc2
h6 13. cxd5 exd5 (13... Nxd5 14. Ne4 $16 {[%csl Rc5,Rc6][%cal Gc2c6]}) 14. Bb5
Na7 15. Be2 Nc6 16. Bb5 Na7 17. Be2 Nc6 18. Bc3 Re8 19. Bb5 $14 {1-0 Vera,
R-Muir,A/Yerevan 1996/EXT 97 (28)}) 10. Bd3 ({Worth of attention} 10. cxd5 $5
Nxd5 11. Qc2 Qe7 12. Bd3 (12. Bc4 Rd8 13. O-O a6 (13... Nf6 $2 14. Ng5 $1 $16 {
[%csl Rh7][%cal Gb2f6,Gc2h7,Gg5h7]}) 14. Rfd1 Ba7 15. Ne4 h6 $14 {[%csl Rc8]
Black has certain problems with Bc8 development. In other side, how White cane
increase his pressure?}) 12... h6 13. O-O Rd8 14. Rfd1 $14 {[%csl Rc8] -see
comments to previous variation.}) 10... dxc4 11. Bxc4 a6 12. Qc2 Qe7 {Here
White had to choose between risky} 13. Ng5 $6 $132 {[%csl Rf6,Rh7][%cal Gb2f6,
Gc2h7] Threatening Bxf6 and Qh7#. How we can see below, this activity is
premature, Black has enough resourses for successful defence.} ({and solid} 13.
O-O $14 {[%csl Rc8]}) 13... e5 {[%cal Gc8g4] Bc8 development problem is solved.
..} 14. h4 $6 $15 (14. O-O $142 Bg4 $132) 14... Ba7 (14... Bd6 15. Nde4 Bf5 $11
) 15. Bd3 h6 16. Nde4 Ng4 $1 ({Badly is} 16... hxg5 {in view of} 17. hxg5 $1 ({
or} 17. Nxf6+ gxf6 $8 18. hxg5 f5 19. Qe2 Qxg5 20. Rh3 {[%csl Rg5,Rg8][%cal
Gh3g3]} Qxg2 (20... f4 21. exf4 $18 {[%csl Rg8][%cal Gb2h8,Gh3g3]}) 21. Rg3+
Qxg3 22. fxg3 $16) 17... Nh7 ({Decisive attack has White after} 17... Nxe4 18.
Bxe4 g6 19. Bxc6 bxc6 20. Qe4 Qxg5 (20... f6 21. Qh4 Kf7 22. Qh7+ Ke6 23. Qxg6
Bd7 24. Rd1 $18 {[%csl Re6][%cal Gh1h7]}) 21. Bxe5 f6 $8 22. Bd6 $1 Rd8 23. Qe7
$18) 18. f4 Bxe3 19. Rxh7 Kxh7 (19... Bxf4 20. Kf2 Bf5 21. Nf6+ gxf6 22. Bxf5
Rad8 23. Rah1 fxg5 24. Rh8+ Kg7 25. R1h7+ Kf6 26. Bd7 $1 Qxd7 27. Rh6+ Ke7 28.
Qc5+ $18) 20. Nf6+ Kh8 21. Qe2 g6 22. Qxe3 $16 {[%csl Rh8][%cal Gb2h8]}) (16...
Nxe4 17. Bxe4 $16 {-see comments above.}) 17. Nc3 $6 $17 {[%cal Gc3d5] Now
white's activity is over, positional weaknesses remain...} ({The only way to
try to continue Attack was} 17. Ng3 $5 Rd8 18. Bh7+ (18. N5e4 Be6 $15 {[%cal
Ga8c8]}) 18... Kf8 (18... Kh8 19. Bg8 $1 $16 {[%csl Rf7,Rh7]}) 19. Nf3 Be6 20.
Be4 Rac8 $15 {[%csl Rc2,Re1]}) 17... Rd8 18. Nf3 {[%csl Re1,Rh4]} Be6 19. O-O
Rac8 $1 {[%cal Gc8c2,Gc6d4] unpleasant pin. White can't regreat with Q because
of Pb3 is weak.} 20. b4 Nd4 $1 {Black begins strong counterattack.} 21. exd4
exd4 22. Be4 $2 $19 {Decisive mistake.} ({More stubborn was} 22. Rac1 $1 dxc3
23. Bxc3 Bc4 24. Bh7+ (24. Bxc4 Rxc4 25. Qb3 Bxf2+ $19) 24... Kf8 (24... Kh8
25. Bf5 Bxf1 26. Kxf1 Rxc3 27. Qxc3 Nxf2 28. Qe5 $17) 25. Rfe1 (25. Bf5 Bxf1
26. Kxf1 Rxc3 27. Qxc3 Nxf2 28. Qe5 Qxe5 29. Nxe5 Rd5 $17) 25... Qd6 {[%csl
Rf2]} 26. Be5 $8 Nxe5 27. Nxe5 Be6 28. Qd3 $1 Rxc1 29. Qxd6+ Rxd6 30. Rxc1 Rd2
$17) 22... dxc3 23. Bxc3 Bc4 $1 {[%csl Rf1,Rf2][%cal Gc4f1,Ga7f2]} 24. Rae1 Qc7
25. Ne5 Bxf1 26. Nxg4 Qxc3 27. Qxc3 Rxc3 28. Kxf1 b5 29. Ne5 Rd2 0-1

[Event "Sufe Cup"]
[Site "Shanghai"]
[Date "2000.03.08"]
[Round "6"]
[White "Pigusov, Evgeny"]
[Black "Wang, Lei"]
[Result "1-0"]
[WhiteElo "2610"]
[BlackElo "2495"]
[Annotator "Tsesarsky,I"]
[PlyCount "115"]
[EventDate "2000.03.03"]
[EventType "tourn"]
[EventRounds "13"]
[EventCountry "CHN"]
[EventCategory "13"]
[SourceTitle "CBM 076"]
[Source "ChessBase"]
[SourceDate "2000.05.31"]
[SourceVersion "1"]
[SourceVersionDate "2000.05.31"]
[SourceQuality "1"]

{[%mdl 32]} 1. Nf3 d5 2. d4 c6 3. c4 e6 4. Qc2 dxc4 5. Qxc4 b5 6. Qc2 Bb7 7.
Nbd2 (7. e3 Nd7 8. Be2 (8. a4 a6 9. Nbd2 b4 10. b3 Ngf6 11. Bb2 c5 12. Rd1 Rc8
13. Nc4 Qc7 14. Be2 Be7 15. O-O O-O 16. dxc5 Bxc5 17. Ng5 h6 18. Nf3 Be7 $11 {
1/2-1/2 Yermolinsky,Alex-Tyomkin,Dimitri/North Bay op (3) ;EXT 99 1998 (36)})
8... a6 9. a4 Rc8 10. O-O Ngf6 11. b3 Be7 12. Bb2 O-O 13. Nbd2 c5 14. dxc5 Rxc5
$1 15. Qb1 $11 {0-1 Paehtz,Thomas Sr-Knaak,Rainer/DDR-ch 38th Zittau ;CBM 12
1989 (30)}) (7. g3 Nd7 8. Bg2 c5 9. O-O Rc8 10. Qb3 a6 11. a4 b4 $11) ({
I think,} 7. e4 $1 {is the best move} Nd7 (7... Nf6 8. Be2 Qb6 9. Nc3 a6 10.
Bg5 Nbd7 11. Rd1 h6 12. Bh4 b4 13. Na4 b3 14. axb3 Qb4+ 15. Nc3 c5 16. Bxf6 $1
(16. d5 $5 exd5 17. exd5 Bxd5 18. Rxd5 Nxd5 19. Bc4 $44 {1-0 Timoscenko,
G-Lanzani,M/Saint Vincent ITA 2000/The Week in Chess 276 (31)}) (16. O-O g5 17.
Bg3 g4 $132) 16... Nxf6 17. O-O $16) 8. Nc3 $1 {In future after c6-c5 White
will play d4-d5!} (8. Bd3 a6 9. a4 Ngf6 10. O-O Qb6 11. Nc3 b4 12. a5 $1 Qa7
13. e5 bxc3 14. exf6 gxf6 15. bxc3 c5 16. Be4 $14 {1-0 Lalic Bogdan-Rojo Gomez
Jorge/It, Caseres (Spain) 1995 (26)}) (8. Be2 a6 9. O-O c5 10. a4 b4 11. Bg5
Qc7 12. Nbd2 Ngf6 13. Rac1 Rc8 14. Rfe1 $14 {1-0 Rashkovsky,N-Cherniaev,A/
Gausdal PG (07) ;TD 93\09 1993 (36)}) (8. Nbd2 Ngf6 9. a3 {/\ b4} Qb6 10. b4 a5
11. Rb1 $14 {1-0 Polgar,Zs-Cramling,P/Tilburg (ct) 61/417 1994 (34)}) 8... Rc8
9. a3 Ne7 10. Be3 Ng6 11. Be2 a6 12. O-O c5 13. d5 $1 Qc7 14. dxe6 fxe6 15. Ng5
$16 {1-0 Stohl,I-Knaak,R/Stara Zagora zt-B (01) ;CBM 17 1990 (22)}) 7... Nd7 8.
Nb3 {[%csl Rc5]} Ngf6 (8... Rc8 9. Nc5 Nxc5 10. dxc5 Qd5 11. b4 Nf6 12. Bb2 Be7
13. Ne5 O-O 14. f3 Qd8 15. e4 a5 16. a3 Qc7 17. Be2 Rcd8 18. O-O Nd7 19. Nxd7
Rxd7 20. f4 Rfd8 21. Bc3 $14 {Gheorghiu,Florin-Robovic,Saudin/Lenk op (4) ;EXT
97 1993/1/2-1/2 (61)}) 9. Bg5 (9. Bd2 Rc8 10. Ba5 Qe7 11. e3 a6 12. Rc1 c5 13.
dxc5 (13. Bb4 Ne4 14. Bd3 f5 $132) 13... Nxc5 14. Be2 Qd7 15. O-O Nxb3 16. Qxb3
Rxc1 17. Rxc1 Bd6 18. Bb4 {1/2-1/2 Dumitrache,Dragos-Flear,Glenn C/Avoine
Ronde op ;EXT 99 1993}) 9... Qb6 10. Rc1 Rc8 {[%cal Gc6c5] Everything is ready
for c6-c5 promotion, but...} 11. Nc5 $5 {Interesting positional P sacrifice!} (
11. e4 c5 $11) 11... Bxc5 $6 ({Better was} 11... Nxc5 $5 12. dxc5 Qa5+ 13. Nd2
Qxa2 14. Nb3 {[%cal Gc1a1]} (14. e4 $44) 14... Qa4 $8 15. Ra1 (15. Bxf6 gxf6
16. Ra1 Qb4+ $15) 15... Qe4 $1 16. Qxe4 Nxe4 17. Rxa7 Nxg5 18. Rxb7 Ne4 19. g3
Nxc5 20. Nxc5 Bxc5 21. Bg2 $44) 12. dxc5 Qa5+ 13. Nd2 Qxa2 14. e4 Qa5 (14... h6
15. Be3 Ng4 16. Bf4 Nge5 17. Qc3 $14 {[%cal Gc3g7]} Ng6 (17... f6 18. b4 {
[%cal Gc1a1]} a5 19. bxa5 Ng6 20. Be3 e5 21. Bc4 $3 bxc4 22. Ra1 $18) 18. Qxg7
Nxc5 (18... e5 19. Nc4 $5 (19. Bc4 bxc4 20. Nxc4 exf4 21. Nd6+ Ke7 $19) 19...
Nxf4 20. Qxh8+ Ke7 21. Qg7 (21. Qxh6 $2 bxc4 22. Qd6+ Ke8 23. Bxc4 Qa5+ 24. Kf1
Ba6 25. b3 Bxc4+ 26. bxc4 Qxc5 $17) 21... Ne6 (21... bxc4 22. Bxc4 Qxb2 23.
Qxf7+ Kd8 24. O-O $18) 22. Qxh6 bxc4 23. Bxc4 Qxb2 24. Bxe6 Rh8 25. Qg5+ Nf6
26. O-O $18) 19. Be2 (19. Rxc5 Qa1+ $19) (19. Bxh6 Nb3 20. Nxb3 Qxb3 21. Bd2 e5
22. Bc3 c5 23. Rd1 $132) 19... Nb3 20. Rd1 $14) 15. f4 e5 $6 (15... O-O 16. Be2
h6 17. Bh4 $44) 16. f5 {()} h6 17. Be3 Ng4 18. Bg1 Rd8 19. h3 Ngf6 20. Be2 g6
$6 {Weakening Kingside.} (20... Qb4 $5 21. Be3 O-O 22. O-O a5 23. b3 a4 24.
bxa4 Qxa4 25. Qxa4 bxa4 26. Ra1 Nxc5 27. Bxc5 Rxd2 28. Bxf8 Rxe2 29. Rfb1 Rxe4
30. Bxg7 Kxg7 31. Rxb7 Nd5 $132) 21. fxg6 fxg6 22. Be3 {[%csl Rg6,Rh6]} Qc7 23.
O-O Kf7 (23... a5 $5) 24. b4 $44 {[%csl Rb7,Ge2,Ge3]} Kg7 25. Ra1 a6 26. Nb3
Rhf8 27. Qc1 Ng8 28. Bf3 Ndf6 29. Bd2 g5 {Interesting maneuverable struggle}
30. Bc3 Ne7 31. Qe3 Ng6 32. g3 Qd7 33. Bg2 Qd3 $6 {[%csl Rc6,Re5]} (33... Rf7
$44) 34. Rf3 Qxe3+ $2 $14 {Mistake! Without Queens White can to organize
pressure on Black weaknesses} (34... Qd7 $1 $44 {It was necessary to recognise
last mistake and to avoid Queens change}) 35. Rxe3 Rf7 36. Rf1 Ne8 (36... Bc8
37. Na5 (37. Nc1 Be6 $15) 37... Rc7 38. Kh2 g4 39. h4 Be6 $44 40. Ba1 (40. Re2
Rd3 41. Ref2 Nh5 $19) 40... Rdd7 41. Ree1 Rd3 42. Rd1 Rxd1 43. Rxd1 h5 44. Rd8
Bc8 $14) 37. Rfe1 (37. Rf5 Re7 38. Na5 Ba8 39. Kf2 $14) 37... Rfd7 38. Nc1 Rd1
$2 $16 (38... Bc8 $5 {White N cant jump to a5 now, so Black must immediately
remove B from b7 to c8.} 39. Nb3 Bb7 $1 $14 (39... Rd3 40. Na5 Rxe3 41. Rxe3
Rd1+ 42. Kf2 Bd7 43. Bf3 Rb1 44. Rd3 Bxh3 (44... Nf6 45. Rd6 Rc1 (45... Bxh3
46. Nxc6 g4 47. Nxe5 Rf1+ 48. Ke2 Nxe5 49. Bxe5 Rxf3 50. c6 $18) 46. Bd2 Rc2
47. Ke3 Ne7 48. Bd1 Ra2 49. Bb3 Ra1 50. Bc3 $16) 45. Nxc6 g4 46. Bd1 Nf6 47.
Ke3 Bg2 48. Nxe5 $16)) 39. Bf1 Rxe1 40. Rxe1 Kf6 (40... Bc8 41. Nd3 Kf6 42. Rd1
Ng7 43. Kg2 (43. Be2 Bxh3 44. Kh2 Bd7 (44... Bc8 45. Nxe5 Rxd1 46. Nxc6+ $16)
45. Rf1+ Ke6 46. Bd1 Ke7 47. Nxe5 Nxe5 48. Bxe5 Ne8 49. Bh5 Be6 50. Bxe8 $11)
43... Ne6 44. Be2 Nd4 45. Bh5 $16 {[%csl Rd4,Re5,Rg6]} Nc2 46. Rd2 $16) 41. Nd3
Ke6 42. Kf2 Nf6 43. Ke3 {White king take part in the game} Bc8 44. Be2 {
[%cal Ge2h5]} Re8 45. Rf1 Rf8 (45... h5 46. Rf5 Nd5+ 47. Kd2 Nf6 48. Bf3 (48.
Ke3 Nd5+) 48... g4 49. hxg4 hxg4 50. Bxe5 Nxe5 51. Rxe5+ Kf7 52. Rxe8 Kxe8 53.
Bg2 Nh5 54. Ke3 Ke7 (54... Nxg3 55. Nf4 $1 {[%csl Rg3][%cal Ge3f2]} a5 56. bxa5
(56. Kf2 a4 57. e5 a3 58. Bxc6+ Kd8 59. Bd5 Ne4+ $19) 56... b4 57. Nd3 b3 58.
Kd2 Ba6 59. Nb4 Bf1 60. a6 b2 61. Kc2 Bxa6 62. Nxa6 $18) 55. Nf4 Ng7 56. Kd4
$16) 46. Rf2 Nd7 (46... Rd8 47. Bb2 (47. Rf5 Nd5+ $1) 47... h5 48. Rf5 Nd5+ (
48... g4 49. Nxe5 (49. Rxh5 Nxh5 50. Bxg4+ Kf6 51. Bxh5 Bxh3 52. Bxg6 Rxd3+ 53.
Kxd3 Kxg6 54. Bxe5 Kg5 55. Bc7 Be6 56. Kd4 Bf7 57. Ke5 Bg6 $11) 49... Nxe5 50.
Rxe5+ Kf7 51. h4 $16) 49. Kf3 g4+ 50. hxg4 hxg4+ 51. Kxg4 Nxb4 52. Nxb4 Rd2 53.
Kg5 Rxe2 54. Rf6+ Kd7 55. Rd6+ Kc7 56. Rxc6+ Kd7 57. Rxg6 Rxb2 58. Nd5 $18) 47.
Bg4+ (47. Rxf8 Ngxf8 (47... Ndxf8 48. Bg4+ $18) 48. Bg4+ Ke7 49. Nxe5 Nxe5 50.
Bxc8 (50. Bxe5 Bxg4 51. Bd6+ Kf7 52. Bxf8 $11) 50... Nc4+ 51. Kf3 $16) 47...
Ke7 48. Bf5 {White essentially have improved an arrangement of pieces} Rf6 49.
Ne1 (49. Bxg6 $144 Rxg6 50. Bxe5 Ke6 (50... Nxe5 51. Nxe5 Re6 (51... Rf6 52.
Rxf6 Kxf6 53. Nxc6 Bxh3 54. Kd4 h5 55. Kd5 h4 56. e5+ Kg7 57. gxh4 gxh4 58. e6
Kf6 59. Nd4 Bg4 (59... Bxe6+ 60. Nxe6 h3 61. Nf4 h2 62. Nh5+ Kg5 63. Ng3 $18)
60. c6 h3 61. c7 h2 62. c8=Q h1=Q+ 63. Kd6 Qh2+ 64. Kc6 Qh6 65. Qd8+ Ke5 66.
Qd6+ Ke4 67. e7 $18) 52. Kd4 Rf6 53. Rxf6 Kxf6 54. Nxc6 $18) 51. Bd4 $16) 49...
Ngf8 50. Nf3 Rf7 $2 $18 (50... Ng6 {Positoin of Black is quite bad, maybe lost.
} 51. Rd2 Ke8 52. h4 (52. Rd6 $2 Rxd6 53. cxd6 Kf7 54. Bg4 {[%cal Gh3h4]} Kf6
55. h4 gxh4 56. gxh4 h5 57. Bf5 (57. Bxh5 Nxh4 58. Nxh4 Kg5 $11) 57... Kf7 58.
Bxg6+ Kxg6 59. Bxe5 c5 $132) 52... gxh4 53. gxh4 {[%csl Re5][%cal Gh4h5]} h5
54. Rg2 Ne7 55. Bxd7+ Bxd7 56. Nxe5 $16) 51. Bxe5 Bb7 52. Bd6+ Ke8 53. Nd4 (53.
Rd2 $18) 53... Nf6 54. g4 h5 (54... Ng8 55. Nf3 (55. e5 Ne7 56. e6 Nd5+ 57. Ke4
$18) 55... Ne7 56. Ne5 Rg7 57. Kd4 $18) 55. Ne6 N6h7 56. Nxf8 Nxf8 57. gxh5 Kd8
58. h6 1-0